00705nam a2200193 a 450000100080000000500110000800800410001910000240006024500670008426000330015130000100018452001750019465000280036965000230039765000230042065000220044365000210046565000250048611323292022-09-12 2022 bl uuuu t 00u1 u #d1 aGOULART J??NIOR, R. aSitua????o - Safra de Banana (2021/22).h[electronic resource] aFlorian??polis: Epagric2022 a23 p. aEste relat??rio trata da situa????o da safra de banana catarinense 2021/22 com informa????es sobre a evolu????o do monitoramento da safra, evolu????o de pre??o e mercado. aacompanhamento de safra abanana catarinense aEconomia agr??cola amercado agr??cola apre??o agr??cola aprodu????o agr??cola